| 000 | 00564nam a2200181 i 4500 | ||
|---|---|---|---|
| 001 | 87323 | ||
| 003 | ES-MaACL | ||
| 005 | 20230906175640.0 | ||
| 007 | t| | ||
| 008 | 041221s1910 gw ||||1| ger d | ||
| 100 | 1 |
_aKraus, Friedrich. _968749 |
|
| 245 | 1 | 4 |
_aDas elektrokardiogramm des gesunden und kranken menschen / _cvon Friedrich Kraus und Georg Nicolai. |
| 260 |
_aLeipzig : _bVeit und Camp, _c1910. |
||
| 300 |
_aXXII, 322 p. : _bil. ; _c23 cm. |
||
| 650 | 4 |
_aElectrocardiología. _9162403 |
|
| 700 | 1 |
_aNicolai, Georg. _985555 |
|
| 852 |
_aES-MaACL _jF-8714 |
||
| 999 |
_c87323 _d87323 |
||